000 01001cam a22002535a 4500
001 L158461
008 150309s2014 f 000 0 eng d
020 _a9781847988966
035 _a(Sirsi) u158461
041 0 _aeng
100 1 _aGreen, Andrew
245 0 0 _aCapital allowances 2014-15
_h[electronic resource]
260 _aLondon
_bCollege of Law
_c2014
300 _aeBook
520 _aProvides an introduction to and guidance on how to claim capital allowances. Looks at plant and machinery allowances, annual investment allowances, first year allowances and tax credits, allowances and charges, cars, computer software, differences between short-life and long-life assets and leasing.
590 _aKA
650 2 4 _aCAPITAL ALLOWANCES
650 2 4 _aPLANT AND MACHINERY
650 2 4 _aEBOOK
651 4 _aUnited Kingdom
_y
690 _aFinance and taxation
856 4 0 _uhttps://www.vlebooks.com/
_zView on VLEbooks. Logins for members only from [email protected]
942 _n0
999 _c115323
_d115323